[Event "EU-Cup 20th"]
[Site "Izmir"]
[Date "2004.10.06"]
[Round "4.2"]
[White "Dvoirys, Semen I"]
[Black "Gelfand, Boris"]
[Result "1/2-1/2"]
[WhiteElo "2615"]
[BlackElo "2693"]
[Annotator "Huzman,A"]
[PlyCount "77"]
[EventDate "2004.10.03"]
[EventType "team-swiss"]
[EventRounds "7"]
[EventCountry "TUR"]
[SourceTitle "CBM 104"]
[Source "ChessBase"]
[SourceDate "2005.01.27"]
[SourceVersion "1"]
[SourceVersionDate "2005.01.27"]
[SourceQuality "1"]
[WhiteTeam "Beer Sheva"]
[BlackTeam "Warsaw Polonia"]
[WhiteTeamCountry "ISR"]
[BlackTeamCountry "POL"]

1. e4 e5 2. Nf3 Nf6 3. Nxe5 d6 4. Nf3 Nxe4 5. c4 Nc6 6. d3 Nf6 7. d4 Be7 8. Nc3
O-O 9. d5 (9. Be2 d5 10. cxd5 Nxd5 11. O-O Bf5 12. a3 h6 13. Qb3 Nxc3 14. bxc3
Na5 15. Qb5 c5 16. Be3 {1/2-1/2 Slobodjan,R-Haba,P/Germany 2002/EXT 2003 (16)})
9... Ne5 (9... Nb8 10. Be2 a5 11. h3 Na6 12. O-O Bd7 13. Be3 Ne8 14. Nd4 f5 15.
f4 Nf6 16. Bf3 Nc5 17. Qc2 Qc8 18. Rae1 Re8 19. Bf2 g6 20. Re2 Bf8 21. Rfe1
Rxe2 22. Rxe2 Bh6 23. g3 Bg7 24. Kh2 Qf8 25. Ne6 Bxe6 26. dxe6 c6 27. e7 Qe8
28. Qd2 Qb8 29. Bxc5 dxc5 30. Na4 Qc7 31. Qe3 Re8 32. Qe6+ Kh8 33. Nxc5 Ne4 34.
Nd7 Nd6 35. Rd2 Nc8 36. Nf6 Bxf6 37. Qxf6+ Kg8 38. Rd8 {1-0 Bielicki,
C-Fernandez,A/Mar del Plata 1964/MCD (38)}) 10. Be2 (10. Nxe5 dxe5 11. Bd3 e4
$5 (11... c6 12. dxc6 bxc6 $11) 12. Nxe4 (12. Bxe4 Nxe4 13. Nxe4 Bb4+ 14. Kf1 (
14. Bd2 Re8 (14... Bxd2+ $5 15. Kxd2 Qh4 $44) 15. O-O Rxe4 16. Bxb4 Rxc4 $11)
14... Re8 $44) 12... Nxe4 13. Bxe4 Bb4+ 14. Bd2 Re8 15. f3 Rxe4+ $1 (15... Bc5
$5 16. Kf1 f5 17. Bd3 Qh4 $44) 16. fxe4 Qh4+ 17. Kf1 Qf6+ 18. Ke1 Qh4+ $11)
10... Nxf3+ 11. Bxf3 Nd7 12. O-O Bf6 (12... f5 $5 {This move comes into
consideration by analogy with the game Gelvig-Chigorin 1882 corr!}) 13. Ne4 Re8
(13... Nc5 $5 14. Nxf6+ (14. Nxc5 dxc5 15. Re1 Bd4 (15... Qd6 16. g3 $14) 16.
Qc2 Qf6 17. Be4 g6 18. Rb1 Bd7 $11) (14. Re1 Bf5 (14... Nxe4 15. Bxe4 Re8 16.
a4 $1 Bd7 17. Ra3 $36) 15. Nxc5 dxc5 16. Qb3 b6 (16... Qd6 17. Qxb7 Rfb8 (17...
Rfe8 $1 18. Rxe8+ Rxe8 19. Be3 Qb6 $1 $11) 18. Qc6 Qxc6 19. dxc6 Bxb2 20. Bxb2
Rxb2 21. Re7 $16 Rc8 22. Rae1 Kf8 23. Bd5 Bg6 24. f4 f6 25. Rd7 Be8 26. Ree7 $1
Bxd7 27. Rf7+ $18) 17. Bf4 Qd7 18. d6 c6 19. Qa4 Rac8 20. Be5 $14) 14... Qxf6
15. Be3 Qxb2 16. Bd4 Qa3 17. Re1 $44) 14. Re1 Ne5 15. Be2 (15. Nxf6+ Qxf6 16.
Be2 Qg6 (16... Bg4 17. f3 Bf5) 17. Bh5 Bg4 18. Bxg6 Bxd1 19. Rxd1 Nxg6 $11)
15... Ng6 (15... Bf5 16. Ng3 (16. Nxf6+ Qxf6 17. Be3 Qg6 18. Bh5 Qf6 19. Qd4
Bg6 20. Be2 Nd3 $14 {.=}) 16... Bg6 17. Be3 (17. f4 $140 $2 Nd3 18. f5 Bd4+ 19.
Kf1 Nxe1 20. fxg6 fxg6 21. Kxe1 (21. Qxd4 Nc2 $19) 21... Qh4 $17) 17... c5 (
17... Bh4 $5 18. Qd2 Qd7 $14 {/=}) 18. Qd2 (18. dxc6 Nxc6 19. Qd2 Qa5 $11)
18... Qd7 19. h3 Qa4 20. b3 Qa3 21. f4 Nd7 22. Rad1 Bh4 23. Bf2 Nf6 $132) 16.
Bf1 (16. Nxf6+ Qxf6 17. Qb3 Nf4 (17... Bg4 18. Be3 Bxe2 19. Rxe2 Nf4 20. Ree1
b6 $14) 18. Bxf4 Qxf4 19. Bd3 Re5 $11) 16... Bf5 (16... Be5 17. g3 (17. Bg5 Qd7
) 17... Bf5 18. Bg2 $14) 17. Nxf6+ Qxf6 18. a4 {'!'} a5 (18... Rxe1 19. Qxe1
Ne5 20. Ra3 $14) 19. Ra3 b6 20. Rae3 {'+/=' Pair of bishops, space advantage
and active possibilities on the queen's side give White better chances.} Bd7 (
20... Rxe3 21. Rxe3 Ne5 22. Be2 Bg6 23. Bd2 {[%cal Gd2c3]} Qf4 24. b3 Re8 25.
Bc3 $14) 21. b3 Rxe3 22. Bxe3 (22. Rxe3 $1 $16 {[%cal Gd1d2,Gc1b2]}) 22... Re8
23. Qd2 Qe5 24. f3 Kf8 25. Bf2 (25. c5 $1 bxc5 26. Bf2 Qf5 27. Rxe8+ Bxe8 28.
Qxa5 $16) 25... Qf4 26. Rxe8+ Bxe8 27. Qc3 {'!'} Qf5 (27... f6 $5 28. b4 Qe5
29. Qxe5 fxe5 30. bxa5 bxa5 31. Be1 Bxa4 32. Bxa5 c6 $11 33. Bc7 $140 Ke7 34.
c5 dxc5 35. d6+ Kd7 36. Bd3 Bb3 $1 $11) 28. b4 axb4 29. Qxb4 Qd7 (29... Qe5 30.
a5 bxa5 31. Qxa5 c6 32. Qb6 cxd5 33. Bg3 Nf4 34. cxd5 g5 $11) 30. a5 bxa5 31.
Qxa5 Qe7 32. c5 f6 33. c6 {'?!'} (33. Qb4 $1 Ne5 (33... Qd8 34. Bg3 Ne5 35. c6
$14) 34. c6 $14) 33... Qd8 (33... Qe5 $5 34. Bg3 Qd4+ 35. Bf2 Qe5 36. Qa2 Nf4
37. Bc4 Bf7 38. Qa8+ Qe8 $11 39. Qa5 $140 Bxd5 $1 40. Bxd5 Qg6 $17) 34. g3 (34.
Qb5 Bf7 35. Bc4 (35. Bd3 Qa8 36. g3 Ne5 37. Be4 g6 38. Qb2 (38. g4 Qa3 $1 $132)
38... Qa5 39. f4 Ng4 $11) 35... Qa8 36. Bd4 Ne5 37. Bb3 Qa3 $132) 34... Bf7 {
'<=>!'} 35. f4 Ne7 36. Bg2 (36. Bc4 $2 Nxc6 $17) 36... Qb8 37. h4 (37. h3 $142
Qb1+ 38. Kh2 Qc2 $11) 37... h5 (37... Qb1+ 38. Kh2 Qc2 39. Qxc7 (39. Qa8+ Be8
40. Qa7 Qd2 41. Be3 Qd3 42. Bd4 Qc4 43. Bxf6 $5 gxf6 (43... Nxd5 44. Bb2 Bxc6
45. Qb8+ Kf7 46. Qh8 $132) 44. Qxc7 Qc5 45. Qb8 Kf7 46. Qc7 $44) 39... Qxf2 40.
Qd8+ Be8 41. Qxd6 Bh5 (41... Qc2 42. c7 Qc3 $11 43. Qe6 (43. Qd8 Nf5 $1 44.
c8=Q Qxg3+ 45. Kg1 Qe1+) 43... Qxc7 44. d6 Qd7 45. dxe7+ Qxe7) 42. Qb8+ Kf7 43.
Qb3 Kg6 44. c7 $44) 38. Kh2 Kg8 39. Ba7 $11 1/2-1/2

[Event "Yongchuan zt 3.3"]
[Site "Yongchuan"]
[Date "2003.07.17"]
[Round "6"]
[White "Wang, Zili"]
[Black "Yu, Shaoteng"]
[Result "1-0"]
[WhiteElo "2542"]
[BlackElo "2508"]
[Annotator "Huzman,A"]
[PlyCount "95"]
[EventDate "2003.07.11"]
[EventType "tourn"]
[EventRounds "11"]
[EventCountry "CHN"]
[EventCategory "12"]
[SourceTitle "CBM 097"]
[Source "ChessBase"]
[SourceDate "2003.11.11"]
[SourceVersion "1"]
[SourceVersionDate "2003.11.11"]
[SourceQuality "1"]

1. e4 e5 2. Nf3 Nf6 3. Nxe5 d6 4. Nf3 Nxe4 5. Nc3 Nxc3 6. dxc3 Be7 7. Bf4 Nc6
8. Qd2 Bg4 9. Be2 Qd7 10. O-O-O O-O-O 11. h3 Bh5 (11... Be6 12. Rhe1 (12. Ng5
Bxg5 13. Bxg5 f6 14. Be3 h5 15. c4 Ne5 16. b3 $14 {0-1 Santo Roman,M-Miralles,
G/Lyon 1988/CBM 07 (61)}) (12. Bb5 a6 13. Ba4 Bf6 (13... Bc4 14. Rhe1 Bf6 15.
Bg5 Bxg5 16. Qxg5 b5 17. Bb3 f6 18. Qf4 Bxb3 19. cxb3 Rhe8 20. Nd4 Rxe1 21.
Rxe1 Nxd4 22. Qxd4 Re8 $11 {1/2-1/2 Mahdi,K-Zsifkovits,R/Vienna AUT 2003/(24)})
14. Bg5 Bxg5 15. Nxg5 b5 16. Bb3 Bxb3 17. cxb3 h6 18. Nf3 Qf5 $11 {1/2-1/2
Efimenko,Z-Motylev,A/Halkidiki 2002/CBM 92/[Huzman] (24)}) 12... a6 13. Ng5 (
13. Nd4 Nxd4 14. Qxd4 Bf6 15. Qa7 Qa4 16. g3 g5 17. Be3 Qxa2 $17 {0-1 Varaljai,
I-Rudolf,A/HUN 2000/EXT 2002 (36)}) 13... Bxg5 14. Bxg5 f6 15. Be3 Ne5 16. b3
g5 17. f4 gxf4 18. Bxf4 h5 19. Bf1 Kb8 20. Bh2 Qg7 21. Kb2 Bc8 22. a4 a5 23. b4
Qf7 24. Qf2 axb4 25. cxb4 Rhe8 26. Bg1 b6 27. a5 $40 {1-0 Tseshkovsky,
V-Makarichev,S/Tbilisi 1973/MCD (40)}) (11... Bxf3 12. Bxf3 Kb8 13. Rhe1 Rde8
14. Qd5 Rhf8 (14... f5 15. Qf7 g5 16. Bxc6 Qxc6 17. Be3 Rhf8 18. Qxh7 Bf6 19.
Bd2 Be5 20. Bxg5 Qxg2 21. Bd2 {1/2-1/2 Prasad,D-Konguvel,P/Kasaragod 1996/EXT
98 (21)}) 15. Re4 Qc8 16. Ra4 Bf6 17. Qb5 Ne5 18. Qa5 a6 19. Bxb7 Qxb7 20. Rb4
$18 {1-0 Dworakowska,J-Zielinska,J/Lubniewice 1995/EXT 97 (39)}) (11... Bf5 12.
Nd4 Nxd4 13. Qxd4 c5 14. Qd2 Qa4 15. Kb1 Bxc2+ 16. Qxc2 Qxf4 17. Rhe1 Kb8 18.
Bf3 Rd7 19. Qb3 $44 {0-1 Al Marri,O-Aliev,K/Doha QAT 2003/(103)}) 12. Rhe1 (12.
g4 Bg6 13. Bb5 a6 14. Ba4 Qe6 15. Bb3 Qd7 16. Rhe1 h5 17. Bd5 Rde8 18. Nd4 hxg4
19. hxg4 Nxd4 20. Qxd4 Qxg4 $17 {0-1 Huynh Mai Phuong,D-Pham Thi Nu/Hanoi 2002/
CBM 90 ext (30)}) 12... a6 (12... Rhe8 13. g4 Bg6 14. Bb5 a6 15. Ba4 b5 16. Bb3
Na5 17. c4 (17. Bd5 c6 18. Be4 Nc4 19. Qd3 Bxe4 20. Rxe4 d5 21. Re2 Bd6 22.
Bxd6 Rxe2 23. Qxe2 Nxd6 24. Qe3 Re8 25. Qb6 Qb7 26. Qd4 {1/2-1/2 Schmid,
L-Alexander,C/Dublin 1957/MCD (26)}) 17... Nxb3+ 18. axb3 Qc6 19. Nd4 Qb7 20.
cxb5 axb5 21. Qa5 $16 {1-0 Boricsev,O-Raetsky,A/Fribourg 2000/EXT 2001 (48)})
13. Qd5 Bg6 14. Nd4 Nxd4 15. Rxd4 (15. Qxd4 Kb8 16. Bg4 f5 17. Bf3 Bf6 18. Qb4
Qb5 19. Qxb5 axb5 20. Rd5 Rde8 21. Rxe8+ Bxe8 22. Rxf5 $16 {1-0 Foltys,
J-Shapira,L/Szcawno Zdroj 1950/MCD (34)}) 15... c6 {Finally Black will have to
do this move.In this case pressure of White on line "d"and on the diagonals
f3-a8 and f4-b8 will be strong.} (15... Rhe8 16. Red1 (16. Bg4 f5 17. Bf3 c6
18. Qa5 Bg5 $1 19. Red1 Bxf4+ 20. Rxf4 Re5 21. Qa3 Qe6 22. Rfd4 Re1 $11) 16...
Bf8 17. Bf3 c6 18. Qa5 $14) 16. Qa5 c5 (16... Rde8 {[%cal Ye7d8,Ye8e1]} 17. c4
$1 {[%csl Rd6]} (17. Rd2 Bd8 18. Qa3 d5 19. c4 d4 20. Be3 Qe7 $1 21. Qxe7 Bxe7
22. Rxd4 (22. Bxd4 Bg5 $44) 22... Bc5 23. Rd2 Bxe3 24. fxe3 Re5 $44) 17... Bd8
18. Qd2 $16) 17. Rd2 Rhe8 18. Bf3 Bf8 19. Red1 $16 Qc7 20. Qa4 f5 $5 {[%cal
Yg6f7]} (20... Qd7 21. Qc4 Qe6 22. Bd5 Qf6 23. Bg3 $16 {[%cal Gg3h4]}) 21. Rd5
(21. Bd5 h6 22. Qc4 Bh7 {[%cal Yg7g5]} 23. h4 $16) 21... h6 $1 22. c4 Bf7 23.
R5d3 {[%cal Gd3b3,Gb3b7,Gf3b7]} (23. Rxf5 $140 Be6 24. Rh5 Bf7) 23... Re6 (
23... g5 24. Bd2 {[%cal Gd2a5]} Qd7 25. Qb3 g4 26. hxg4 fxg4 27. Bd5 $16) 24.
Bd2 $1 Qe7 25. Qa5 {White have decisive advantage as the threat Qb6-a7 is
difficult to parry.} Rd7 26. Rb3 $40 {[%cal Ga5b6,Gb6a7]} Re4 (26... Re5 27.
Qb6 $1 Bxc4 28. Qa7 Rc7 29. Qa8+ Kd7 30. Rxb7 $18) 27. Bxe4 Qxe4 28. Qb6 $1 Kb8
(28... Bxc4 29. Re3 $18) (28... Qxc4 29. Qa7 $1 $18) 29. Re3 Qh4 30. Rde1 $18 {
[%cal Ge3e8]} Qd8 31. Qxd8+ Rxd8 32. Rf3 Bg6 (32... g6 33. g4 Bxc4 34. gxf5 $18
) 33. g4 fxg4 34. hxg4 Kc7 35. g5 $1 h5 (35... hxg5 36. Bxg5 Ra8 37. Be7 $18)
36. Re6 Bh7 37. g6 Bg8 38. Re4 d5 39. Bg5 $1 Rc8 40. Re1 Bd6 41. Be7 $1 Kd7 42.
Bxd6 Kxd6 43. cxd5 Bxd5 44. Rf5 Be6 45. Rxh5 Rf8 46. Rh7 Rg8 47. Reh1 Ke5 48.
Rh8 1-0

[Event "Corus"]
[Site "Wijk aan Zee"]
[Date "2004.01.25"]
[Round "13"]
[White "Shirov, Alexei"]
[Black "Bologan, Viktor"]
[Result "0-1"]
[WhiteElo "2736"]
[BlackElo "2679"]
[Annotator "Huzman,A"]
[PlyCount "80"]
[EventDate "2004.01.10"]
[EventType "tourn"]
[EventRounds "13"]
[EventCountry "NED"]
[EventCategory "19"]
[SourceTitle "CBM 099"]
[Source "ChessBase"]
[SourceDate "2004.03.30"]
[SourceVersion "1"]
[SourceVersionDate "2004.03.30"]
[SourceQuality "1"]

1. e4 e5 2. Nf3 Nf6 3. Nxe5 d6 4. Nf3 Nxe4 5. d4 d5 6. Bd3 Nc6 7. O-O Be7 8. c4
Nb4 9. Be2 O-O 10. Nc3 Bf5 11. a3 Nxc3 12. bxc3 Nc6 13. Re1 Re8 14. cxd5 Qxd5
15. Bf4 Rac8 16. h3 Bf6 (16... Be4 $5) 17. Nh2 Qa5 18. Bd2 (18. Ng4 Qxc3 19.
Nxf6+ gxf6 20. Be3 Rcd8 $132 {[%csl Rd4]}) 18... Ne7 (18... Rcd8 19. Bf3 h6 20.
Ng4 Bxg4 21. hxg4 Bg5 22. Bxg5 hxg5 23. Rxe8+ (23. Qc1 $1 $16 {[%csl Rg5][%cal
Gc1g5]} Rxe1+ 24. Qxe1 Kf8 25. Rb1 Re8 26. Qc1 $1 $16) 23... Rxe8 24. Qd3 Nd8
$1 $14 {1/2-1/2 Kramnik,V-Anand,V/Wijk aan Zee 2003/CBM 93/[Huzman] (51)} (
24... Nd8 {1/2-1/2 Timman,J-Karpov,A/Wijk aan Zee 2003/CBM 93(24)})) 19. Bf3 (
19. Ng4 Bxg4 20. Bxg4 Rcd8 $132 {[%cal Yc7c5]}) 19... Rcd8 20. Ng4 (20. Bxb7 c5
(20... c6 $5 {[%csl Rb7]}) 21. Ng4 Bxg4 22. hxg4 cxd4 23. cxd4 Qc7 $11) 20...
Bxg4 21. hxg4 $1 h6 (21... c5 $140 $4 22. g5 $18) 22. Rb1 (22. Bxb7 $1 c5 23.
dxc5 $5 (23. Be4 cxd4 24. cxd4 Qb6 25. Rb1 Qxd4 26. Ba5 Qxd1 27. Rexd1 Rxd1+
28. Rxd1 $14) 23... Qxc5 24. Qa4 $1 $16) 22... b6 23. a4 {[%csl Ra5] White has
a small but longtime advantage due to his pair of bishops. It is important
that a break of White's pawn centre is impossible now because of the bad
position of Qa5.} c6 (23... c5 24. Bb7 $1 $16) 24. Qc2 Qa6 25. Re4 Qc8 26. Rbe1
Qd7 27. Qd3 Nd5 {The transfer of Q to d7 made the position of Black defendable.
} 28. Rxe8+ (28. Qe2 Rxe4 29. Qxe4 c5 $132) 28... Rxe8 29. Rxe8+ (29. Rb1 {
As for me White had to leave one pair of rooks counting on opening new files
for his rook. In this case Black can't explore file "e".}) 29... Qxe8 30. c4 (
30. g3 Bg5 $1 $11) 30... Nc7 $1 {[%cal Yc7e6]} 31. a5 (31. d5 cxd5 32. cxd5
Qxa4 33. d6 Ne6 $15) 31... bxa5 $5 (31... Ne6 32. axb6 axb6 33. d5 Nc5 34. Qb1
cxd5 35. Bxd5 $14) 32. Bxa5 Ne6 33. d5 cxd5 34. Qxd5 $6 (34. cxd5 Nd4 $11 35.
Bd1 $6 Qe5 $15) (34. Bxd5 Nf4 $11) 34... Bd4 (34... Qa4 $5 35. g3 Bd4 $36) 35.
Be4 $2 (35. Qb5 $1 $11) 35... Qa4 $17 36. Kh2 (36. Bd3 $142 Qd1+ 37. Bf1 Qxg4
$17) 36... Bxf2 37. Bc3 Qa3 $1 38. Qd2 $2 (38. Qe5 Qb3 $5 (38... Bb6 $1 39.
Qb8+ Qf8 $17) 39. Bf5 Qd1 $40) 38... Bd4 $1 39. Bb4 $2 (39. Bxd4 Qd6+ 40. g3
Qxd4 (40... Nxd4 $19) 41. Qxd4 Nxd4 42. Kg2 Kf8 43. Kf2 Ke7 44. Ke3 Ne6 $19)
39... Qa1 (39... Be5+ 40. Kg1 Qg3 $19) 40. Bd5 $2 (40. Qe1 Be5+ 41. Kh1 Qd4 $19
) 40... Bg1+ $1 (40... Bg1+ 41. Kh3 Ng5+ 42. Kh4 Qf6 $19) 0-1

[Event "EU-ch 4th"]
[Site "Istanbul"]
[Date "2003.06.07"]
[Round "8"]
[White "Solak, Dragan"]
[Black "Volkmann, Friedrich Karl"]
[Result "1/2-1/2"]
[WhiteElo "2514"]
[BlackElo "2435"]
[Annotator "Huzman,A"]
[PlyCount "114"]
[EventDate "2003.05.30"]
[EventType "swiss"]
[EventRounds "13"]
[EventCountry "TUR"]
[SourceTitle "CBM 096"]
[Source "ChessBase"]
[SourceDate "2003.09.25"]
[SourceVersion "1"]
[SourceVersionDate "2003.09.25"]
[SourceQuality "1"]

1. e4 e5 2. Nf3 Nf6 3. Nxe5 Nxe4 4. Qe2 Qe7 5. Qxe4 d6 6. d4 dxe5 7. dxe5 Nc6
8. Bb5 Bd7 9. Nc3 Qb4 10. Bc4 O-O-O 11. a3 Qa5 12. Bxf7 (12. Bf4 Bb4 13. O-O
Bxc3 14. bxc3 Be6 $1 15. Bd3 (15. Rab1 $5 Qxc3 16. Bb5 Rd5 $132) 15... Qxc3 16.
Rab1 Ba2 $1 17. Rbd1 Kb8 18. Rfe1 h6 19. Bg3 Rd4 20. Qe2 Rhd8 $15 {0-1 Nedev,
T-Volkmann,F/Istanbul 2003/CBM96_01 (37)}) 12... Nxe5 13. b4 (13. Bd5 $5 c6 (
13... Ng4 $5 14. O-O $1 (14. Bxb7+ Kb8 15. Qf3 Bc5 $44) 14... Nf6 (14... Qb6
15. Bf4 Bc5 16. Bg3 Rhf8 17. Na4 Bxa4 18. Qxg4+ $16) 15. Qe5 Kb8 16. b4) 14.
O-O Bd6 15. Bb3 Rhe8 $44 (15... Ng4 16. Bf4 Qc7 17. Bxd6 Qxd6 18. g3 Qh6 $44))
13... Bxb4 $8 14. Qxb4 Qxb4 15. axb4 Nxf7 16. Rxa7 Bf5 (16... Rhe8+ 17. Be3 Bf5
18. Ra2 Re6 19. Nb5 (19. O-O $1 Rc6 $140 20. Nb5 Rxc2 21. Ra8+ Kd7 22. Rxd8+
Nxd8 23. Nd4 $18) 19... Rd5 20. c4 (20. Ra5 $5) 20... Rd3 21. Ra8+ Kd7 22. O-O
Re4 $44 {1-0 Naiditsch,A-Volkmann,F/Istanbul 2003/CBM96_01 (45)}) 17. Ra2 (17.
Ra8+ Kd7 18. Ra2 Ra8 19. Rxa8 Rxa8 20. Kd1 Ne5 21. Re1 Nc6 $44 22. Nd5 Ra2 23.
Ne3 Bg6 $11) 17... Rd4 $1 18. O-O (18. b5 $142 Re8+ (18... Rhd8 19. Be3 Rc4 20.
Ra8+ Kd7 21. Rxd8+ Kxd8 22. Kd2 $16) 19. Be3 Kd7 (19... Rc4 20. Ra8+ Kd7 21.
Rxe8 Kxe8 22. Kd2 Nd6 23. Re1 Kd7 24. f3 $16) 20. O-O Rc4 21. Bd2 Nd6 $44)
18... Rhd8 $1 19. Re1 (19. b5 Rc4 $11) 19... Rxb4 20. Re7 Kb8 21. h3 Rd7 $11
22. Re8+ Rd8 23. Re7 Rd7 24. Re3 h5 25. f3 b6 (25... Nd6 26. g4 hxg4 27. hxg4
Bg6 $11) 26. g4 hxg4 27. hxg4 Bg6 28. Kf2 Kb7 29. Kg3 Nd6 30. Ne2 (30. f4 Ne4+
31. Nxe4 Bxe4 $11) 30... Nc4 31. Rb3 Rxb3 32. cxb3 Na5 33. b4 Nc4 34. Nf4 Bb1 (
34... Bf7 $5 35. Re2 Ka6 $132 {[%cal Ya6b5]}) 35. Re2 Rd1 36. Be3 g5 (36... Kc6
37. Bf2 Kb5 38. Re7 $11) 37. Ng2 $8 Bd3 38. Re1 Rxe1 39. Nxe1 Nxe3 40. Nxd3 Kc6
41. Ne5+ Kb5 42. Nf7 Kxb4 43. Nxg5 Kc4 $6 (43... c5 44. f4 c4 45. f5 Nd5 46.
Nf3 c3 47. Ne1 b5 48. g5 Kc5 49. Nc2 b4 50. f6 Kd6 51. Nd4 $11) 44. Kf4 Kd3 45.
Ke5 (45. Ne6 c5 46. g5 c4 47. g6 c3 48. g7 c2 49. g8=Q c1=Q $11) 45... b5 46.
Ne6 b4 47. g5 Kc4 (47... Nc4+ 48. Kf6 b3 49. Nc5+ Kc2 50. Nxb3 Kxb3 51. g6 Nd6
52. f4 c5 53. Ke5 Ne8 54. f5 c4 55. f6 Nxf6 56. Kxf6 c3 57. g7 c2 58. g8=Q+ Kb2
$11) 48. g6 b3 49. g7 b2 50. g8=Q b1=Q 51. Nxc7+ Kc3 52. Nd5+ (52. Qg5 $142 Qb6
53. Qf6 $5 Qxf6+ $1 $11 (53... Qxc7+ $2 54. Ke4+ $16)) 52... Kd2 53. Nxe3 (53.
Qg5 Qb8+) 53... Kxe3 54. Qd5 Qb8+ 55. Ke6 Qg8+ 56. Kd6 Qxd5+ 57. Kxd5 Kxf3
1/2-1/2

[Event "EU-ch 4th"]
[Site "Istanbul"]
[Date "2003.06.07"]
[Round "8"]
[White "Grischuk, Alexander"]
[Black "Rozentalis, Eduardas"]
[Result "1-0"]
[WhiteElo "2701"]
[BlackElo "2586"]
[Annotator "Huzman,A"]
[PlyCount "76"]
[EventDate "2003.05.30"]
[EventType "swiss"]
[EventRounds "13"]
[EventCountry "TUR"]
[SourceTitle "CBM 096"]
[Source "ChessBase"]
[SourceDate "2003.09.25"]
[SourceVersion "1"]
[SourceVersionDate "2003.09.25"]
[SourceQuality "1"]

1. e4 e5 2. Nf3 Nf6 3. Nxe5 d6 4. Nf3 Nxe4 5. d4 d5 6. Bd3 Bd6 7. O-O O-O 8. c4
c6 9. Qc2 Re8 10. Nc3 Bf5 11. Re1 Bb4 12. Bg5 Qa5 (12... f6 13. Bf4 Bxc3 14.
bxc3 Nd7 15. Nd2 Qa5 16. f3 Qxc3 17. fxe4 dxe4 18. Qxc3 {1-0 Milos,G-Lahud,T/
Sao Paulo 2002/CBM 90 ext (18)}) (12... Nxg5 13. Rxe8+ Qxe8 14. Nxg5 Bg6 15.
Bxg6 hxg6 16. cxd5 Qd8 17. Qb3 Na6 18. h4 (18. Nxf7 Kxf7 19. dxc6+ Kf8 20. Nd5
Bd6 21. Qxb7 Nc7 $13) (18. Nge4 $1 $16) 18... Qd7 19. dxc6 bxc6 $18 {1/2-1/2
Inarkiev,E-El Gindy,E/Linares ESP 2003/(41)}) 13. Nxe4 dxe4 (13... Bxe1 14. Nd6
Bxd3 15. Qxd3 Re6 16. Qf5 (16. Nxf7 $5 Na6 (16... Bb4 17. Bd8 $1 $18 {[%cal
Gf3g5]}) 17. N7e5 Bb4 18. Qf5 Rae8 19. Qf7+ Kh8 20. Qxb7 $16 (20. Bd8 $5 Qxd8 (
20... Qa4 21. Ng5 $16) 21. Qxe6 Rxe6 22. Nf7+ Kg8 23. Nxd8 Re2 24. a3 Be7 25.
Nxb7 Rxb2 26. Na5 Nb8 $16)) (16. c5 Bb4 17. Qf5 Qc7 18. Bd8 Qd7 19. Ng5 Rg6 20.
Qxf7+ Qxf7 21. Ngxf7 Na6 22. a3 Bd2 $13) 16... Qc7 17. Bf4 (17. Bd8 Bxf2+ 18.
Kf1 (18. Kxf2 Qxd6 19. Ng5 Rf6 20. Bxf6 Qxf6 $17) 18... Qxd6 19. Ng5 Qxd8 20.
Qxf7+ Kh8 21. Nxe6 (21. Qxe6 Qf8 22. Nf7+ Kg8 23. Nd6+ Kh8 24. Ke2 Nd7 25. Nf7+
(25. Rf1 Qf6 26. Qxd7 Rf8 $132) 25... Kg8 26. Ne5+ Kh8 27. Nxd7 Qb4 $1 $132)
21... Qg8 22. Qxg8+ (22. Qxb7 Na6 23. Kxf2 Rb8 24. Qxa6 Qxe6 $132 {/=}) 22...
Kxg8 23. Nc7 Bxd4 24. cxd5 cxd5 25. Nxa8 Be5 $14) (17. cxd5 cxd5 (17... Rxd6
18. Rxe1 Nd7 19. Re7 Rf8 20. Bf4 $18) 18. Nb5 (18. Bd8 Bxf2+ 19. Kxf2 Qxd6 20.
Ng5 Rf6 $15) 18... Qd7 19. Ne5 Rxe5 20. Qxd7 Nxd7 21. dxe5 Ba5 22. Rd1 Nxe5 23.
Rxd5 $14) 17... Bb4 18. Ng5 Rg6 (18... Rxd6 19. Bxd6 (19. Re1 $1 $18 Bxe1 20.
Bxd6 g6 21. Qh3) 19... Bxd6 20. Qxh7+ Kf8 21. Re1 $16) 19. c5 Qd7 20. a3 Ba5
21. b4 Bc7 (21... Bd8 22. Qxf7+ Qxf7 23. Ngxf7 Bc7 24. Re1 Na6 25. Re7 Kf8 26.
Rd7 $16) 22. Re1 $16) 14. Bxe4 Bxe1 (14... h6 15. Bd2 Bxe4 16. Bxb4 Qxb4 17.
Rxe4 Rxe4 18. Qxe4 Qxc4 19. Qe8+ Kh7 20. Qc8 $18) 15. Bxf5 g6 16. Be4 Bb4 17.
c5 $16 {[%csl Rb4][%mdl 4]} Nd7 18. a3 Bxc5 19. dxc5 Qxc5 20. Rd1 Qxc2 21. Bxc2
{A couple of fierce Bs supported by the active "d1" R, enable White to
eventually find a breach in his opponent's defence.} Nb6 22. Kf1 Kg7 23. Bb3 h6
24. Be3 Rad8 25. Rc1 Re4 26. h4 $1 {[%mdl 32]} Nc8 27. Bc2 Ree8 28. h5 g5 29.
Nd4 Nd6 30. Nf5+ Nxf5 31. Bxf5 a6 32. g4 Rd5 33. Rc4 Kg8 34. Ke2 Rb5 35. b4 a5
36. Kf3 axb4 37. axb4 Rd5 38. Rc3 Rde5 {Characteristically of this European
Champs, the complete text of the current game is unfortunately unavailable.
It's obvious that White has a huge advantage in this final position.} 1-0